| 000 | 00882cam a2200205 4500500 | ||
|---|---|---|---|
| 005 | 20251228060031.0 | ||
| 041 | _afre | ||
| 042 | _adc | ||
| 100 | 1 | 0 |
_aBourgoin-Lambert, Hélène _eauthor |
| 245 | 0 | 0 | _aComment se décide l'intégration scolaire |
| 260 | _c2001. | ||
| 500 | _a53 | ||
| 520 | _aRésumé Analyse du fonctionnement d’une commission de circonscription préélémentaire et élémentaire ( ccpe). Réflexion sur l’éthique et les règles nécessaires à son bon fonctionnement. Exposé des modalités de l’accueil des familles. | ||
| 690 | _aéélémentaire et élémentaire) | ||
| 690 | _aégration | ||
| 690 | _afamilles | ||
| 690 | _agroupe de travail | ||
| 786 | 0 | _nEnfances & Psy | 16 | 4 | 2001-12-01 | p. 27-35 | 1286-5559 | |
| 856 | 4 | 1 | _uhttps://shs.cairn.info/revue-enfances-et-psy-2001-4-page-27?lang=fr&redirect-ssocas=7080 |
| 999 |
_c1586783 _d1586783 |
||